<?xml version="1.0" encoding="UTF-8"?><record xmlns="http://www.loc.gov/MARC21/slim" xmlns:zs="http://docs.oasis-open.org/ns/search-ws/sruResponse">
  <leader>03052cgm a22006017a 4500</leader>
  <controlfield tag="001">11619461</controlfield>
  <controlfield tag="007">vf baaho|</controlfield>
  <controlfield tag="008">930616r19861937xxu092            mleng  </controlfield>
  <controlfield tag="005">20260106175609.8</controlfield>
  <datafield ind1=" " ind2=" " tag="010">
    <subfield code="a">   93507899 </subfield>
  </datafield>
  <datafield ind1=" " ind2=" " tag="035">
    <subfield code="9">(DLC)   93507899</subfield>
  </datafield>
  <datafield ind1=" " ind2=" " tag="040">
    <subfield code="a">DLC</subfield>
    <subfield code="c">DLC</subfield>
    <subfield code="e">amim</subfield>
    <subfield code="d">DLC</subfield>
  </datafield>
  <datafield ind1="0" ind2="0" tag="050">
    <subfield code="a">VAC 8618 (viewing copy)</subfield>
  </datafield>
  <datafield ind1="0" ind2="4" tag="245">
    <subfield code="a">The awful truth /</subfield>
    <subfield code="c">Columbia Pictures presents ; directed and produced by Leo McCarey ; screenplay by Vina Delmar.</subfield>
  </datafield>
  <datafield ind1=" " ind2=" " tag="257">
    <subfield code="a">United States.</subfield>
  </datafield>
  <datafield ind1=" " ind2=" " tag="260">
    <subfield code="a">United States :</subfield>
    <subfield code="b">Columbia Pictures,</subfield>
    <subfield code="c">1937.;</subfield>
    <subfield code="a">United States :</subfield>
    <subfield code="b">RCA/Columbia Pictures Home Video,</subfield>
    <subfield code="c">[1986].</subfield>
  </datafield>
  <datafield ind1=" " ind2=" " tag="300">
    <subfield code="3">viewing copy</subfield>
    <subfield code="a">1 videocassette of 1 (Beta) (ca. 92 min.) :</subfield>
    <subfield code="b">sd., b&amp;w ;</subfield>
    <subfield code="c">1/2 in.</subfield>
  </datafield>
  <datafield ind1=" " ind2=" " tag="336">
    <subfield code="a">two-dimensional moving image</subfield>
    <subfield code="b">tdi</subfield>
    <subfield code="2">rdacontent</subfield>
  </datafield>
  <datafield ind1=" " ind2=" " tag="337">
    <subfield code="a">video</subfield>
    <subfield code="b">v</subfield>
    <subfield code="2">rdamedia</subfield>
  </datafield>
  <datafield ind1=" " ind2=" " tag="338">
    <subfield code="a">videocassette</subfield>
    <subfield code="b">vf</subfield>
    <subfield code="2">rdacarrier</subfield>
  </datafield>
  <datafield ind1=" " ind2=" " tag="500">
    <subfield code="a">Based on the play, The awful truth, by Arthur Richman.</subfield>
  </datafield>
  <datafield ind1=" " ind2=" " tag="500">
    <subfield code="a">Copyright notice on cassette box: Columbia Pictures Industries, Inc. ; 1937.</subfield>
  </datafield>
  <datafield ind1=" " ind2=" " tag="500">
    <subfield code="a">Reissue date is copyright date for cassette package design.</subfield>
  </datafield>
  <datafield ind1=" " ind2=" " tag="500">
    <subfield code="a">Summary taken from cassette box.</subfield>
  </datafield>
  <datafield ind1=" " ind2=" " tag="500">
    <subfield code="a">LC also holds a 16 mm. viewing print of this film in the AFI/Columbia Collection. Video and print have not been compared.</subfield>
    <subfield code="5">DLC</subfield>
  </datafield>
  <datafield ind1=" " ind2=" " tag="500">
    <subfield code="a">Not viewed.</subfield>
  </datafield>
  <datafield ind1=" " ind2=" " tag="500">
    <subfield code="a">Sources used: cassette box; Eagan, D. America's film legacy, p. 264-266.</subfield>
  </datafield>
  <datafield ind1=" " ind2=" " tag="508">
    <subfield code="a">Asssociate producer, Everett Riskin.</subfield>
  </datafield>
  <datafield ind1="1" ind2=" " tag="511">
    <subfield code="a">Cary Grant, Irene Dunne, Ralph Bellamy, Alexander D'Arcy, and Cecil Cunningham.</subfield>
  </datafield>
  <datafield ind1=" " ind2=" " tag="520">
    <subfield code="a">This wildly funny romp opens when the battling Warriners, Jerry and Lucy, file for divorce. The only hitch seems to be who will get custody of their beloved fox terrier, "Mr. Smith" (Asta of "The Thin Man"). Between the interlocutory and the final decree, however, Jerry decides he wants Lucy back. Unfortunately, she's now being courted by an arden new suitor from Oklahoma, Daniel Leeson.</subfield>
  </datafield>
  <datafield ind1=" " ind2=" " tag="586">
    <subfield code="a">This film was selected for the National Film Registry.</subfield>
  </datafield>
  <datafield ind1=" " ind2="0" tag="650">
    <subfield code="a">Husband and wife</subfield>
    <subfield code="v">Humor.</subfield>
  </datafield>
  <datafield ind1=" " ind2="0" tag="650">
    <subfield code="a">Divorce</subfield>
    <subfield code="v">Humor.</subfield>
  </datafield>
  <datafield ind1=" " ind2="7" tag="655">
    <subfield code="a">Screwball comedy films.</subfield>
    <subfield code="2">lcgft</subfield>
  </datafield>
  <datafield ind1=" " ind2="7" tag="655">
    <subfield code="a">Feature films.</subfield>
    <subfield code="2">lcgft</subfield>
  </datafield>
  <datafield ind1=" " ind2="7" tag="655">
    <subfield code="a">Fiction films.</subfield>
    <subfield code="2">lcgft</subfield>
  </datafield>
  <datafield ind1="1" ind2=" " tag="700">
    <subfield code="a">McCarey, Leo,</subfield>
    <subfield code="e">direction,</subfield>
    <subfield code="e">production.</subfield>
  </datafield>
  <datafield ind1="1" ind2=" " tag="700">
    <subfield code="a">Delmar, Viña,</subfield>
    <subfield code="d">1903-1990,</subfield>
    <subfield code="e">writing.</subfield>
  </datafield>
  <datafield ind1="1" ind2=" " tag="700">
    <subfield code="a">Richman, Arthur,</subfield>
    <subfield code="d">1886-1944.</subfield>
    <subfield code="t">Awful truth.</subfield>
  </datafield>
  <datafield ind1="1" ind2=" " tag="700">
    <subfield code="a">Grant, Cary,</subfield>
    <subfield code="d">1904-1986,</subfield>
    <subfield code="e">cast.</subfield>
  </datafield>
  <datafield ind1="1" ind2=" " tag="700">
    <subfield code="a">Dunne, Irene,</subfield>
    <subfield code="d">1898-1990,</subfield>
    <subfield code="e">cast.</subfield>
  </datafield>
  <datafield ind1="1" ind2=" " tag="700">
    <subfield code="a">Bellamy, Ralph,</subfield>
    <subfield code="d">1904-1991,</subfield>
    <subfield code="e">cast.</subfield>
  </datafield>
  <datafield ind1="1" ind2=" " tag="700">
    <subfield code="a">D'Arcy, Alex,</subfield>
    <subfield code="d">1908-1996,</subfield>
    <subfield code="e">cast.</subfield>
  </datafield>
  <datafield ind1="1" ind2=" " tag="700">
    <subfield code="a">Cunningham, Cecil,</subfield>
    <subfield code="d">1888-1959,</subfield>
    <subfield code="e">cast.</subfield>
  </datafield>
  <datafield ind1="2" ind2=" " tag="710">
    <subfield code="a">Columbia Pictures.</subfield>
  </datafield>
  <datafield ind1="0" ind2=" " tag="773">
    <subfield code="t">Coca-Cola Company Collection (Library of Congress)</subfield>
  </datafield>
  <datafield ind1="1" ind2="8" tag="786">
    <subfield code="t">The awful truth</subfield>
    <subfield code="w">(DLC) 4852</subfield>
    <subfield code="n">AVCMS</subfield>
  </datafield>
  <datafield ind1=" " ind2=" " tag="906">
    <subfield code="a">7</subfield>
    <subfield code="b">cbc</subfield>
    <subfield code="c">orignew</subfield>
    <subfield code="d">u</subfield>
    <subfield code="e">ncip</subfield>
    <subfield code="f">19</subfield>
    <subfield code="g">y-movingim</subfield>
  </datafield>
  <datafield ind1=" " ind2=" " tag="953">
    <subfield code="a">TE01</subfield>
  </datafield>
  <datafield ind1=" " ind2=" " tag="955">
    <subfield code="a">LCAP batch update 2025-12-09-05:00: LCAPM-5828</subfield>
  </datafield>
  <datafield ind1=" " ind2=" " tag="955">
    <subfield code="i">qm22 2019-04-24</subfield>
  </datafield>
  <datafield ind1=" " ind2=" " tag="955">
    <subfield code="a">LCAP batch update 2025-06-01-04:00: LCAPM-1035</subfield>
  </datafield>
  <datafield ind1=" " ind2=" " tag="991">
    <subfield code="b">c-MP&amp;TV</subfield>
    <subfield code="h">VAC 8618 (viewing copy)</subfield>
    <subfield code="w">MUMS VM File</subfield>
  </datafield>
</record>
